[Event "POR-chT"]
[Site "Penafiel"]
[Date "2020.08.24"]
[Round "4.5"]
[White "Gonzalez Perez, Arian"]
[Black "Goncalves, Gabriel Sobral"]
[Result "1-0"]
[WhiteElo "2472"]
[BlackElo "1900"]
[PlyCount "96"]
[EventDate "2020.08.22"]
[EventType "team-tourn"]
[EventRounds "9"]
[EventCountry "POR"]
[SourceTitle "CBM 198 Extra"]
[Source "ChessBase"]
[SourceDate "2020.11.30"]
[SourceVersion "1"]
[SourceVersionDate "2020.11.30"]
[SourceQuality "1"]
[WhiteTeam "Dias Ferreira"]
[BlackTeam "Santoantoniense"]
[WhiteTeamCountry "POR"]
[BlackTeamCountry "POR"]

1. e4 e5 2. Nf3 Nc6 3. d4 exd4 4. Nxd4 Qf6 5. Be3 Bc5 6. c3 Nge7 7. Bc4 Bb6 8. 0-0 0-0 9. Na3 Rd8 10. Qh5 Qg6 11. Qh4 a6 12. Nxc6 Nxc6 13. Bxb6 cxb6 14. Bd5 Re8 15. Nc4 b5 16. Ne3 d6 17. f4 Bd7 18. Rf3 Rxe4 19. Rg3 Rxe3 20. Rxe3 h6 21. Rg3 Qh7 22. Re1 Rf8 23. h3 Kh8 24. Be4 Bf5 25. Bxc6 bxc6 26. Qe7 Kg8 27. Qxd6 Be4 28. Qf6 Bd5 29. b3 Kh8 30. Qd6 Qg8 31. Rge3 Kh7 32. f5 Rd8 33. Qc5 Qf8 34. Qxf8 Rxf8 35. Re8 Kg8 36. Kf2 a5 37. g4 f6 38. R1e7 a4 39. bxa4 bxa4 40. a3 Bc4 41. Rxf8+ Kxf8 42. Ra7 Bb5 43. c4 Bxc4 44. Rxa4 Bd3 45. Ra8+ Ke7 46. Ra7+ Kf8 47. Ke3 g6 48. fxg6 Bxg6 1-0

[Event "POR-chT2 final"]
[Site "Evora"]
[Date "2019.07.21"]
[Round "3.1"]
[White "Goncalves, Gabriel Sobral"]
[Black "Constantino, Gudlack"]
[Result "1-0"]
[WhiteElo "1860"]
[BlackElo "1967"]
[PlyCount "40"]
[EventDate "2019.07.20"]
[EventType "team-tourn"]
[EventRounds "3"]
[EventCountry "POR"]
[SourceTitle "CBM 192 Extra"]
[Source "Chessbase"]
[SourceDate "2019.11.06"]
[SourceVersion "1"]
[SourceVersionDate "2019.11.06"]
[SourceQuality "1"]
[WhiteTeam "Santoantoniense"]
[BlackTeam "Dias Ferreira II"]
[WhiteTeamCountry "POR"]
[BlackTeamCountry "POR"]

1. e4 e5 2. Nf3 Nc6 3. Bc4 Be7 4. 0-0 Nf6 5. Nc3 0-0 6. Re1 d6 7. h3 h6 8. d4 a6 9. a4 exd4 10. Nxd4 Ne5 11. Ba2 c5 12. Nde2 Bd7 13. Be3 Qc8 14. f4 Ng6 15. Ng3 b5 16. Bd5 Nxd5 17. Nxd5 Bd8 18. Qh5 Kh7 19. f5 Ne7 20. Nf6+ Kh8 1-0

[Event "POR-ch U16"]
[Site "Luso"]
[Date "2018.03.24"]
[Round "1"]
[White "Barata, Manuel Joao Costa S"]
[Black "Goncalves, Gabriel Sobral"]
[Result "1-0"]
[WhiteElo "1249"]
[BlackElo "1825"]
[PlyCount "43"]
[EventDate "2018.03.24"]
[EventType "swiss"]
[EventRounds "7"]
[EventCountry "POR"]
[SourceTitle "EXT 2019"]
[Source "ChessBase"]
[SourceDate "2018.10.10"]
[SourceVersion "1"]
[SourceVersionDate "2018.10.10"]
[SourceQuality "1"]

1. f4 e5 2. fxe5 d6 3. exd6 Bxd6 4. Nf3 g5 5. g3 g4 6. Nh4 Nc6 7. d4 Be7 8. d5 Nb4 9. c4 Bxh4 10. Qa4+ Qd7 11. Qxb4 Be7 12. Qb3 Nf6 13. Nc3 a5 14. Bg2 c6 15. Rf1 0-0 16. Bg5 Kg7 17. 0-0-0 c5 18. e4 Ng8 19. Bf4 b6 20. e5 Ba6 21. d6 Bd8 22. Bxa8 1-0